[Event "Skakligaen 2024-25"]
[Site "?"]
[Date "2024.11.03"]
[Round "2.3"]
[White "Chatalbashev, Boris"]
[Black "Christensen, Stefan"]
[Result "1-0"]
[WhiteElo "2476"]
[BlackElo "2199"]
[EventDate "2024.11.02"]
[EventType "team-tourn"]
[EventRounds "9"]
[EventCountry "DEN"]
[SourceTitle "Live v. Kasper Jerwiarz"]
[WhiteTeam "Fredericia"]
[BlackTeam "Obro"]

1. d4 Nf6 2. c4 e6 3. Nf3 b6 4. Nc3 Bb4 5. e3 Bb7 6. Bd3 c5 7. O-O O-O 8. Na4 cxd4 9. a3 Be7 10. exd4 d6 11. Re1 Nbd7 12. b4 Re8 13. Nc3 Rc8 14. h3 Qc7 15. Bf4 Qb8 16. Bh2 a6 17. Re3 Qa8 18. Qb3 Bf8 19. Rae1 h6 20. Bf1 Rcd8 21. Nd2 Nb8 22. Qb2 Nc6 23. Nb3 Ne7 24. a4 Nf5 25. Rd3 Qa7 26. a5 bxa5 27. Nxa5 Ba8 28. c5 dxc5 29. dxc5 Rxd3 30. Bxd3 Nh4 31. Bf1 Nd5 32. Nxd5 Bxd5 33. Qd4 Be7 34. Be5 Qa8 35. Qg4 g6 36. Bc3 Kh7 37. Nc4 Bxc4 38. Qxc4 a5 39. b5 a4 40. c6 a3 41. Rxe6 Nf5 42. Re1 Nd6 43. Qd4 Nf5 44. Qd5 Kg8 45. Bc4 Rf8 46. Rxe7 1-0

[Event "Skakligaen 2024-25"]
[Site "Denmark"]
[Date "2024.11.17"]
[Round "3.1"]
[White "Thybo, Jesper Sondergaard"]
[Black "Hillarp Persson, Tiger"]
[Result "1-0"]
[WhiteElo "2549"]
[BlackElo "2455"]
[EventDate "2024.11.02"]
[EventType "team-tourn"]
[EventRounds "9"]
[EventCountry "DEN"]
[SourceTitle "Carsten Pedersen"]
[WhiteTeam "Hillerod"]
[BlackTeam "Bronshoj"]

1. d4 Nf6 2. c4 e6 3. Nf3 d5 4. g3 Bb4+ 5. Bd2 Be7 6. Bg2 c6 7. Qc2 O-O 8. O-O
Nbd7 9. Bf4 h6 10. h4 a5 11. b3 b6 12. Rd1 Ba6 13. Ne5 Rc8 14. Nd2 c5 15. Nxd7
Qxd7 16. dxc5 Bxc5 17. Ne4 Nxe4 18. Qxe4 dxe4 19. Rxd7 b5 20. Bd6 f5 21. Bxf8
Kxf8 22. e3 bxc4 23. Bf1 Bb5 24. Rdd1 cxb3 25. Bxb5 b2 26. Rab1 Ba3 27. Bd7 Rc5
28. Bxe6 Ke7 29. Bd5 Kf6 30. h5 Kg5 31. Kg2 Rc1 32. Be6 Kf6 33. Bd7 Ke5 34. g4
fxg4 35. Kg3 Rc2 36. Bxg4 Rc1 37. Bd7 Rc2 38. Be8 Rc1 39. Bg6 a4 40. Rd4 1-0

[Event "Skakligaen 2024-25"]
[Site "Denmark"]
[Date "2024.11.17"]
[Round "3.2"]
[White "Falkesgaard, Jeppe Hald"]
[Black "Hansen, Sune Berg"]
[Result "0-1"]
[WhiteElo "2266"]
[BlackElo "2511"]
[EventDate "2024.11.02"]
[EventType "team-tourn"]
[EventRounds "9"]
[EventCountry "DEN"]
[SourceTitle "Carsten Pedersen"]
[WhiteTeam "Bronshoj"]
[BlackTeam "Hillerod"]

1. d4 Nf6 2. c4 e6 3. Nf3 Bb4+ 4. Nbd2 b6 5. a3 Bxd2+ 6. Qxd2 Bb7 7. e3 O-O 8.
Be2 d6 9. b4 Nbd7 10. O-O Ne4 11. Qc2 f5 12. Bb2 Qe7 13. Rac1 Ng5 14. d5 Nxf3+
15. Bxf3 e5 16. Qb3 Kh8 17. Rfd1 Rab8 18. a4 Qg5 19. g3 Nf6 20. Qc2 Rf7 21. c5
Rbf8 22. cxd6 cxd6 23. b5 h5 24. a5 bxa5 25. Qa4 Ng4 26. h3 Nxe3 27. fxe3 Qxg3+
28. Bg2 f4 29. exf4 Rxf4 30. Qa3 Rf3 31. Rc3 Bxd5 32. Rxf3 Rxf3 33. Qxd6 Qf2+
34. Kh2 Rxh3+ 35. Kxh3 Qxg2+ 36. Kh4 Qg4# 0-1

[Event "Skakligaen 2024-25"]
[Site "Denmark"]
[Date "2024.11.17"]
[Round "3.3"]
[White "Schandorff, Lars"]
[Black "Bromann, Thorbjorn"]
[Result "1-0"]
[WhiteElo "2471"]
[BlackElo "2361"]
[EventDate "2024.11.02"]
[EventType "team-tourn"]
[EventRounds "9"]
[EventCountry "DEN"]
[SourceTitle "Carsten Pedersen"]
[WhiteTeam "Hillerod"]
[BlackTeam "Bronshoj"]

1. d4 e6 2. Nf3 Nf6 3. e3 b6 4. Bd3 Bb7 5. O-O c5 6. Nbd2 d6 7. c3 Nbd7 8. e4
Qc7 9. Re1 Rd8 10. d5 e5 11. a4 a6 12. Qe2 Ra8 13. Nc4 h6 14. Nh4 g6 15. f4
exf4 16. Bxf4 Nh5 17. Be3 Ne5 18. Nf3 Nxc4 19. Bxc4 Bg7 20. Qd2 Qd7 21. Bd3 Nf6
22. Bf4 Ng4 23. h3 Ne5 24. Nxe5 dxe5 25. Be3 Qd6 26. b4 cxb4 27. cxb4 Bf8 28.
Qf2 Be7 29. Bxb6 Qxb4 30. Be3 Qc3 31. Qe2 h5 32. Rec1 Qa5 33. Qb2 Bc8 34. Qxe5
f6 35. Qg3 g5 36. Qf2 g4 37. h4 Bd7 38. Rc4 Rb8 39. Rac1 Rg8 40. g3 Rb3 41. Bf1
Kf7 42. Rc7 Rd8 43. e5 Rxe3 44. Qxe3 fxe5 45. Qh6 Bf6 46. Qh7+ Bg7 47. Qf5+ Ke8
48. Qg6+ Kf8 49. Bd3 1-0

[Event "Skakligaen 2024-25"]
[Site "Denmark"]
[Date "2024.11.17"]
[Round "3.4"]
[White "Hoi, Carsten"]
[Black "Aagaard, Jacob"]
[Result "0-1"]
[WhiteElo "2301"]
[BlackElo "2426"]
[EventDate "2024.11.02"]
[EventType "team-tourn"]
[EventRounds "9"]
[EventCountry "DEN"]
[SourceTitle "Carsten Pedersen"]
[WhiteTeam "Bronshoj"]
[BlackTeam "Hillerod"]

1. d4 e6 2. e4 d5 3. exd5 exd5 4. Nf3 Nc6 5. c4 Nf6 6. Nc3 Be7 7. c5 O-O 8. Bb5
Bg4 9. Bxc6 bxc6 10. h3 Bxf3 11. Qxf3 Ne4 12. Nxe4 dxe4 13. Qxe4 Bxc5 14. O-O
Bxd4 15. Qxc6 Rb8 16. Rb1 Rb6 17. Qc4 Rg6 18. Kh1 Qh4 19. Qe2 c5 20. b4 c4 21.
b5 Bb6 22. Rb4 Rc8 23. Qf3 Qe7 24. Ba3 Qe6 25. Rc1 h6 26. Bb2 Rc5 27. Bc3 Rf5
28. Qa8+ Kh7 29. Rb2 Bxf2 30. a4 Rg3 0-1

[Event "Skakligaen 2024-25"]
[Site "Denmark"]
[Date "2024.11.17"]
[Round "3.5"]
[White "Percivaldi, Martin"]
[Black "Palm, Nikolaj"]
[Result "1/2-1/2"]
[WhiteElo "2387"]
[BlackElo "2277"]
[EventDate "2024.11.02"]
[EventType "team-tourn"]
[EventRounds "9"]
[EventCountry "DEN"]
[SourceTitle "Carsten Pedersen"]
[WhiteTeam "Hillerod"]
[BlackTeam "Bronshoj"]

1. d4 d5 2. c4 e6 3. Nf3 c6 4. g3 f5 5. Bg2 Nf6 6. O-O Bd6 7. b3 Qe7 8. Bb2 O-O
9. Qc1 a5 10. Ba3 b5 11. Bxd6 Qxd6 12. c5 Qc7 13. Qf4 Qxf4 14. gxf4 Bd7 15. Ne5
Be8 16. f3 Ra7 17. Kf2 Rc7 18. Nc3 Nbd7 19. Nd3 h6 20. h4 Nh5 21. Rg1 Kh7 22.
e3 Nhf6 23. Bf1 Ng8 24. a3 Ne7 25. b4 a4 26. Nb2 Nf6 27. Nd3 Ng6 28. Rh1 Nh5
29. Ne5 Nxe5 30. dxe5 g6 31. Bd3 Rg8 32. Ne2 Kg7 33. Nd4 Kf7 34. Rag1 Rg7 35.
Rg2 1/2-1/2

[Event "Skakligaen 2024-25"]
[Site "Denmark"]
[Date "2024.11.17"]
[Round "3.6"]
[White "Carstensen, Jacob"]
[Black "Borge, Nikolaj"]
[Result "0-1"]
[WhiteElo "2330"]
[BlackElo "2353"]
[EventDate "2024.11.02"]
[EventType "team-tourn"]
[EventRounds "9"]
[EventCountry "DEN"]
[SourceTitle "Carsten Pedersen"]
[WhiteTeam "Bronshoj"]
[BlackTeam "Hillerod"]

1. d4 d5 2. c4 dxc4 3. Nf3 a6 4. e3 Bg4 5. Bxc4 e6 6. h3 Bh5 7. Nc3 Nc6 8. g4
Bg6 9. e4 Nf6 10. e5 Ne4 11. O-O Be7 12. Re1 Ng5 13. Bxg5 Bxg5 14. d5 exd5 15.
Bxd5 Be7 16. Qa4 O-O 17. Bxc6 bxc6 18. Qxc6 f5 19. Nd5 fxg4 20. hxg4 Kh8 21.
Kg2 Be8 22. Qc4 Rb8 23. Rh1 h6 24. Rad1 Rxb2 25. Qc1 Rxa2 26. Nf6 Bxf6 27. Rxd8
Bxd8 28. Qc5 Rg8 29. Qc4 Ra4 30. Qe6 Rf8 31. g5 Raf4 32. gxh6 g5 33. Rd1 Bh5
34. Rxd8 Bxf3+ 35. Kg3 Rxd8 36. Qe7 Rg8 37. e6 Bd5 38. Qxc7 Rf3+ 39. Kg4 Rf4+
40. Kg3 Bxe6 41. Qe5+ Kh7 42. Qxe6 Rg6 43. Qc8 Rgf6 44. Qb7+ Kxh6 45. Qh1+ Kg7
46. Qb7+ Kg6 47. Qb1+ R6f5 48. Qb6+ Kh5 49. Qxa6 Rxf2 50. Qd3 g4 51. Qb1 R5f3#
0-1

[Event "Skakligaen 2024-25"]
[Site "Denmark"]
[Date "2024.11.17"]
[Round "3.7"]
[White "Ostergaard, Jens"]
[Black "Thuesen, Mogens Henrik"]
[Result "1/2-1/2"]
[WhiteElo "2268"]
[BlackElo "2174"]
[EventDate "2024.11.02"]
[EventType "team-tourn"]
[EventRounds "9"]
[EventCountry "DEN"]
[SourceTitle "Carsten Pedersen"]
[WhiteTeam "Hillerod"]
[BlackTeam "Bronshoj"]

1. d4 Nf6 2. Nf3 g6 3. c4 Bg7 4. Nc3 d5 5. cxd5 Nxd5 6. e4 Nxc3 7. bxc3 c5 8.
Bb5+ Bd7 9. Bxd7+ Qxd7 10. O-O O-O 11. Rb1 Rd8 12. Be3 cxd4 13. cxd4 Nc6 14. d5
Ne5 15. Nxe5 Bxe5 16. Qb3 b6 17. f4 Bg7 18. Rfd1 Rac8 19. e5 Qf5 20. Qd3 Qxd3
21. Rxd3 Rc2 22. a4 f6 23. e6 f5 24. a5 Rc3 25. Rxc3 Bxc3 26. axb6 axb6 27. Rb5
Ba5 28. Kf1 Rc8 29. Bxb6 Bxb6 30. Rxb6 Rc4 31. Rb8+ Kg7 32. g3 Rd4 33. Rd8 h6
34. Ke2 g5 35. Ke3 Rd1 36. fxg5 hxg5 37. h4 gxh4 38. gxh4 Kf6 39. h5 Rh1 40.
Kd4 Rh4+ 41. Kc5 Rxh5 42. Kc6 Ke5 43. Rf8 Rh1 44. Kd7 Ra1 45. Kxe7 Ra7+ 46. Kd8
Kd6 47. Ke8 Kxd5 48. Rf7 Ra6 49. Kd7 Rd6+ 50. Kc7 Kxe6 51. Rxf5 Kxf5 52. Kxd6
1/2-1/2

[Event "Skakligaen 2024-25"]
[Site "Denmark"]
[Date "2024.11.17"]
[Round "3.8"]
[White "Petersen, Steen Brustrup"]
[Black "Jaksland, Tim"]
[Result "1/2-1/2"]
[WhiteElo "2128"]
[BlackElo "2116"]
[EventDate "2024.11.02"]
[EventType "team-tourn"]
[EventRounds "9"]
[EventCountry "DEN"]
[SourceTitle "Carsten Pedersen"]
[WhiteTeam "Bronshoj"]
[BlackTeam "Hillerod"]

1. Nf3 Nf6 2. c4 e6 3. g3 d5 4. Bg2 dxc4 5. O-O a6 6. Qc2 Nbd7 7. Qxc4 b5 8.
Qc2 Bb7 9. a4 c5 10. axb5 axb5 11. Rxa8 Qxa8 12. Na3 Bc6 13. d3 Be7 14. Bd2 O-O
15. Rc1 h6 16. Ne1 Bxg2 1/2-1/2

[Event "Skakligaen 2024-25"]
[Site "Denmark"]
[Date "2024.11.17"]
[Round "3.1"]
[White "Hector, Jonny"]
[Black "Ochsner, Bjorn Moller"]
[Result "1-0"]
[WhiteElo "2431"]
[BlackElo "2512"]
[EventDate "2024.11.02"]
[EventType "team-tourn"]
[EventRounds "9"]
[EventCountry "DEN"]
[SourceTitle "Holdskaksystemet"]
[WhiteTeam "Nordkalotten"]
[BlackTeam "AarhusSkolerne"]

1. e4 c5 2. Nf3 d6 3. d4 cxd4 4. Nxd4 Nf6 5. Nc3 a6 6. Bg5 Nbd7 7. Qe2 e5 8. Nf5 h6 9. Bh4 b5 10. O-O-O Qc7 11. Qd2 Bb7 12. Bxf6 Nxf6 13. Bxb5+ axb5 14. Nxb5 Qd7 15. Nbxd6+ Bxd6 16. Nxd6+ Kf8 17. Qb4 Kg8 18. Qxb7 Qxb7 19. Nxb7 Nxe4 20. Rhe1 Nxf2 21. Rd2 Ng4 22. h3 Nf6 23. Rxe5 Rxa2 24. Rd8+ Kh7 25. Rxh8+ Kxh8 26. c4 Nd7 27. Re7 Nb6 28. c5 Nd5 29. Rxf7 Nb4 30. Rd7 Ra7 31. Kd2 Kg8 32. Kc3 Nc6 33. Rc7 Ne5 34. Kd4 Ng6 35. c6 Kf8 36. b4 1-0

[Event "Skakligaen 2024-25"]
[Site "Denmark"]
[Date "2024.11.17"]
[Round "3.2"]
[White "Rasmussen, Karsten"]
[Black "Jepson, Christian"]
[Result "1/2-1/2"]
[WhiteElo "2391"]
[BlackElo "2404"]
[EventDate "2024.11.02"]
[EventType "team-tourn"]
[EventRounds "9"]
[EventCountry "DEN"]
[SourceTitle "Holdskaksystemet"]
[WhiteTeam "AarhusSkolerne"]
[BlackTeam "Nordkalotten"]

1. c4 e6 2. Nf3 Nf6 3. Nc3 d5 4. d4 Be7 5. cxd5 exd5 6. Bg5 c6 7. Qc2 Nbd7 8. e3 Nh5 9. Bxe7 Qxe7 10. O-O-O Nb6 11. Bd3 Be6 12. Kb1 g6 13. Ne5 f6 14. Nf3 O-O-O 15. Nd2 Ng7 16. Nb3 Bf5 17. Nc5 Rhe8 18. N3a4 Qc7 19. h4 Kb8 20. Bxf5 Nxf5 21. h5 Nxa4 22. Nxa4 Qf7 23. Nc5 Nd6 24. hxg6 hxg6 25. Rh6 Nf5 26. Rh3 Rh8 27. Rdh1 Rxh3 28. Rxh3 Re8 29. Qd1 b6 30. Nd3 Kb7 31. Qf3 Nd6 32. Qf4 Rd8 33. Rh6 Nf5 34. Rh3 Nd6 35. Rh6 Nf5 36. Rh1 Nd6 37. Qh6 g5 38. Rh3 Qe6 39. Kc2 Rd7 40. Qg6 Qg4 41. Rf3 Ne4 42. Qf5 Qxf5 43. Rxf5 Rf7 44. Ne5 Nd6 45. Nxf7 Nxf5 46. g4 Ng7 47. Kd3 Kc7 48. f4 gxf4 49. exf4 Ne6 50. f5 Ng5 51. Nxg5 fxg5 52. Kc3 Kd6 53. b4 b5 54. Kb3 Ke7 55. a4 Kd6 56. a5 1/2-1/2

[Event "Skakligaen 2024-25"]
[Site "Denmark"]
[Date "2024.11.17"]
[Round "3.3"]
[White "Brynell, Stellan"]
[Black "Sorensen, Jan"]
[Result "1-0"]
[WhiteElo "2368"]
[BlackElo "2370"]
[EventDate "2024.11.02"]
[EventType "team-tourn"]
[EventRounds "9"]
[EventCountry "DEN"]
[SourceTitle "Holdskaksystemet"]
[WhiteTeam "Nordkalotten"]
[BlackTeam "AarhusSkolerne"]

1. d4 d5 2. Nf3 Nf6 3. c4 e6 4. Nc3 h6 5. e3 a6 6. a3 Nbd7 7. c5 c6 8. b4 Qc7 9. Bb2 Be7 10. Be2 O-O 11. O-O e5 12. dxe5 Nxe5 13. Qd4 Ng6 14. Qd2 Re8 15. h3 a5 16. Bd3 Nd7 17. e4 dxe4 18. Nxe4 Ndf8 19. Qc3 Ne6 20. Rfe1 axb4 21. axb4 Rxa1 22. Bxa1 Rd8 23. Bc4 Bf8 24. g3 Ne7 25. Qb3 Nf5 26. Be5 Qd7 27. g4 Nfd4 28. Nxd4 Nxd4 29. Bxd4 Qxd4 30. Bxf7+ Kh8 31. Ng3 b6 32. cxb6 Qxb6 33. Re4 Ba6 34. Nf5 Rd3 35. Qe6 Rd1+ 36. Kg2 Bf1+ 37. Kg3 Rd3+ 38. Re3 Qb8+ 39. Kf3 Qxb4 40. Nh4 Rxe3+ 41. fxe3 Bd3 42. e4 Bc2 43. Ng6+ Kh7 44. Bg8# 1-0

[Event "Skakligaen 2024-25"]
[Site "Denmark"]
[Date "2024.11.17"]
[Round "3.4"]
[White "Baekgaard, Martin"]
[Black "Sylvan, Jacob"]
[Result "1/2-1/2"]
[WhiteElo "2263"]
[BlackElo "2329"]
[EventDate "2024.11.02"]
[EventType "team-tourn"]
[EventRounds "9"]
[EventCountry "DEN"]
[SourceTitle "Holdskaksystemet"]
[WhiteTeam "AarhusSkolerne"]
[BlackTeam "Nordkalotten"]

1. c4 Nf6 2. g3 e6 3. Bg2 d5 4. Nf3 dxc4 5. Qa4+ Nbd7 6. Qxc4 c5 7. Qb3 Bd6 8. d3 O-O 9. O-O Rb8 10. a4 b6 11. Na3 a6 12. Nc4 Bc7 13. Bd2 Bb7 14. Bc3 Nd5 15. e4 Nxc3 16. bxc3 b5 17. axb5 axb5 18. Ne3 Bc6 19. Qc2 Nf6 20. Nd2 Qd7 21. Rfd1 Rfd8 22. d4 cxd4 23. cxd4 Bb6 24. d5 exd5 25. exd5 Nxd5 26. Nxd5 Bxd5 27. Nc4 bxc4 28. Bxd5 Qc7 1/2-1/2

[Event "Skakligaen 2024-25"]
[Site "Denmark"]
[Date "2024.11.17"]
[Round "3.5"]
[White "Kristensen, Kaare Hove"]
[Black "Sobjerg, Erik"]
[Result "0-1"]
[WhiteElo "2307"]
[BlackElo "2266"]
[EventDate "2024.11.02"]
[EventType "team-tourn"]
[EventRounds "9"]
[EventCountry "DEN"]
[SourceTitle "Holdskaksystemet"]
[WhiteTeam "Nordkalotten"]
[BlackTeam "AarhusSkolerne"]

1. Nf3 d5 2. d4 e6 3. c4 h6 4. Nc3 Nf6 5. Bf4 Bd6 6. Bxd6 Qxd6 7. e3 a6 8. c5 Qe7 9. Ne5 Nfd7 10. f4 O-O 11. Bd3 b6 12. cxb6 c5 13. Bc2 Nxe5 14. dxe5 Bb7 15. Qd3 f5 16. exf6 Qxf6 17. O-O Nd7 18. Qh7+ Kf7 19. f5 e5 20. Rad1 Nxb6 21. Bb3 c4 22. Rxd5 cxb3 23. Ne4 Nxd5 24. Nxf6 Nxf6 25. Qg6+ Kg8 26. axb3 Rad8 27. h3 Rd2 28. Rf2 Rfd8 29. g4 Bc6 0-1

[Event "Skakligaen 2024-25"]
[Site "Denmark"]
[Date "2024.11.17"]
[Round "3.6"]
[White "Toledo, Imanol"]
[Black "Hove, Esben Kjems"]
[Result "0-1"]
[WhiteElo "2202"]
[BlackElo "2283"]
[EventDate "2024.11.02"]
[EventType "team-tourn"]
[EventRounds "9"]
[EventCountry "DEN"]
[SourceTitle "Holdskaksystemet"]
[WhiteTeam "AarhusSkolerne"]
[BlackTeam "Nordkalotten"]

1. d4 d5 2. c4 e6 3. Nc3 Nf6 4. Nf3 Be7 5. Bf4 O-O 6. e3 b6 7. Bd3 c5 8. dxc5 bxc5 9. O-O Bb7 10. cxd5 exd5 11. Rc1 Qb6 12. Qe2 Nbd7 13. Rfd1 Rfe8 14. Bb5 Red8 15. Rd2 a6 16. Ba4 Rac8 17. Rcd1 Qa5 18. Bc2 Nb6 19. Bb3 Re8 20. h3 h6 21. Be5 Ne4 22. Nxe4 dxe4 23. Nh2 c4 24. Bc3 Bb4 25. Bxb4 Qxb4 26. Bc2 Na4 27. Bxa4 Qxa4 28. Qh5 Qb5 29. Qh4 c3 30. bxc3 Rxc3 31. Nf1 Qg5 32. Qxg5 hxg5 33. Ng3 g6 34. Ne2 Ra3 35. Rb1 Re7 36. Rb3 Ra5 37. Nc3 Rc5 38. Rd4 Kg7 39. Kh2 Bc6 40. Kg3 f5 41. Rd6 Rd7 42. Rxd7+ Bxd7 43. Rb7 Rxc3 44. Rxd7+ Kh6 45. Rd8 Ra3 46. Rd2 f4+ 47. Kg4 fxe3 48. fxe3 Rxe3 49. g3 Ra3 50. h4 gxh4 51. gxh4 Rd3 52. Re2 e3 53. Kf3 Rd2 54. Rxe3 Rxa2 55. Re5 Ra1 56. Kg3 a5 57. Rb5 a4 58. Ra5 a3 59. Kg2 Kg7 60. h5 gxh5 61. Rxh5 Kf6 62. Ra5 Ke6 63. Rc5 Kd6 64. Rc8 Kd5 65. Rc7 Kd4 66. Rd7+ Kc3 67. Rc7+ Kb2 68. Rb7+ Ka2 69. Rb8 Rb1 0-1

[Event "Skakligaen 2024-25"]
[Site "Denmark"]
[Date "2024.11.17"]
[Round "3.7"]
[White "Jakobsen, Peter"]
[Black "Rendboe, John Filip"]
[Result "0-1"]
[WhiteElo "2215"]
[BlackElo "2145"]
[EventDate "2024.11.02"]
[EventType "team-tourn"]
[EventRounds "9"]
[EventCountry "DEN"]
[SourceTitle "Holdskaksystemet"]
[WhiteTeam "Nordkalotten"]
[BlackTeam "AarhusSkolerne"]

1. c4 b6 2. d4 Bb7 3. Nc3 e6 4. Nf3 Bb4 5. Bd2 Nf6 6. e3 O-O 7. Bd3 d5 8. cxd5 exd5 9. O-O c5 10. dxc5 bxc5 11. a3 Ba5 12. Na4 Nbd7 13. b4 Bb6 14. bxc5 Nxc5 15. Nxc5 Bxc5 16. Bb4 Bxb4 17. axb4 Qb6 18. Qa4 Rfb8 19. Nd4 Bc8 20. b5 Bd7 21. Qa5 Ne8 22. Rfc1 g6 23. h3 Nd6 24. Rc7 Bxb5 25. Nxb5 Nxb5 26. Bxb5 Qf6 27. Be2 Rb2 28. Bf3 Rd8 29. Rc6 Qg5 30. Qc3 Rb6 31. Rxb6 axb6 32. Rd1 0-1

[Event "Skakligaen 2024-25"]
[Site "Denmark"]
[Date "2024.11.17"]
[Round "3.8"]
[White "Grand, Hans Henrik"]
[Black "Nielsen, Lars Aaes"]
[Result "1-0"]
[WhiteElo "2143"]
[BlackElo "2208"]
[EventDate "2024.11.02"]
[EventType "team-tourn"]
[EventRounds "9"]
[EventCountry "DEN"]
[SourceTitle "Holdskaksystemet"]
[WhiteTeam "AarhusSkolerne"]
[BlackTeam "Nordkalotten"]

1. e4 c6 2. d4 d5 3. e5 Bf5 4. Nf3 e6 5. Be2 a5 6. a4 Nd7 7. O-O f6 8. Re1 fxe5 9. dxe5 Bc5 10. c3 Ne7 11. Nd4 O-O 12. Be3 Bxd4 13. cxd4 Qb6 14. Ra3 Bg6 15. Rb3 Qc7 16. f4 b6 17. Rc3 Qb7 18. Nd2 c5 19. Nf3 Nf5 20. Qc1 Rac8 21. Rf1 Bh5 22. Qd2 Bxf3 23. Bxf3 cxd4 24. Bxd4 Nc5 25. Bf2 Nxa4 26. Rxc8 Rxc8 27. g4 Ne7 28. f5 Rf8 29. Bd4 exf5 30. e6 Nc5 31. Qe3 fxg4 32. Bxg4 Rxf1+ 33. Kxf1 Ne4 34. Kg1 Nc6 35. Bxb6 Ne5 36. Be2 Qe7 37. Qh3 Ng5 38. Qf5 Qxe6 39. Qxe6+ Nxe6 40. Bxa5 Kf7 41. Kf2 Ke7 42. Bb4+ Kd7 43. b3 d4 44. Bb5+ Kc7 45. Ba5+ Kd6 46. Bf1 Nc5 47. b4 Ne4+ 48. Ke2 Nc3+ 49. Kd2 Kc6 50. Kc2 Nb5 51. Be2 Nd6 52. Bd8 Kd5 53. Bc7 Ndc4 54. b5 Nd7 55. Kb3 Ncb6 56. Kb4 Ke4 57. Ka5 Nd5 58. b6 d3 59. Bd1 Ne3 60. Ba4 d2 61. b7 d1=Q 62. Bxd1 Nxd1 63. Kb5 Kd5 64. b8=Q Nxb8 65. Bxb8 g5 66. Kb4 g4 67. Kb3 Ke4 68. Kc2 Ne3+ 69. Kd2 Kf3 70. Kd3 h5 1-0

[Event "Skakligaen 2024-25"]
[Site "Denmark"]
[Date "2024.11.17"]
[Round "3.1"]
[White "Sloth, Jorn"]
[Black "Nielsen, Viktor Haarmark"]
[Result "1/2-1/2"]
[WhiteElo "2295"]
[BlackElo "2343"]
[EventDate "2024.11.02"]
[EventType "team-tourn"]
[EventRounds "9"]
[EventCountry "DEN"]
[SourceTitle "Jorn Sloth"]
[WhiteTeam "Nordre"]
[BlackTeam "Obro"]

1. c4 c5 2. g3 Nc6 3. Bg2 g6 4. Nc3 Bg7 5. b3 d6 6. Bb2 e5 7. e3 Nge7 8. Nge2 0-0 9. 0-0 Bf5 10. d3 Qd7 11. Qd2 Bh3 12. e4 Bxg2 13. Kxg2 f5 14 f3 Sd4 15. Nxd4 exd4 16. Nd5 Nxd5 17. exd5 Rae8 18. Rae1 Re3 19. Bc1 Rfe8 20. Qd1 Rxe1 1/2-1/2

[Event "Skakligaen 2024-25"]
[Site "Denmark"]
[Date "2024.11.17"]
[Round "3.2"]
[White "Hansen, Soren Bech"]
[Black "Andersen, Thomas Klitgaard"]
[Result "1/2-1/2"]
[WhiteElo "2258"]
[BlackElo "2183"]
[EventDate "2024.11.02"]
[EventType "team-tourn"]
[EventRounds "9"]
[EventCountry "DEN"]
[SourceTitle "Soren Bech Hansen"]
[WhiteTeam "Obro"]
[BlackTeam "Nordre"]

1. e4 e6 2. d4 d5 3. Nc3 Bb4 4. e5 c5 5. a3 Bxc3+ 6. bxc3 Qa5 7. Bd2 Qa4 8. Qg4
Kf8 9. h4 Nc6 10. h5 h6 11. Qd1 b6 12. Nf3 Ba6 13. dxc5 Bxf1 14. Kxf1 Qc4+
15. Kg1 Qxc5 16. Rh4 Nge7 17. Rf4 Ke8 18. Qe2 Rf8 19. Nd4 Nxd4 20. cxd4 Qc4
21. Qxc4 dxc4 22. Bb4 Rg8 23. Bxe7 Kxe7 24. Rb1 Rgd8 25. c3 Rd5 26. Rg4 Kf8
27. a4 Rc8 28. Kf1 Rc6 29. Ke2 a6 30. Rh4 Ra5 31. Rb4 Ke7 32. Ke3 Rd5
33. f4 Ra5 34. g4 b5 35. axb5 Rxb5 36. Rxb5 axb5 37. Rh2 Ra6 38. Rb2 Ra3
39. Rxb5 Rxc3+ 40. Ke4 Rg3 41. Rb7+ Ke8 42. Rc7 c3 43. d5 exd5+ 44. Kxd5 Kd8
45. Rc4 Rxg4 46. Rxc3 Rxf4 47. Ra3 Rf1 48. Ra8+ Ke7 49. Ra7+ Ke8 50. Ra8+ 1/2-1/2

[Event "Skakligaen 2024-25"]
[Site "Denmark"]
[Date "2024.11.17"]
[Round "3.3"]
[White "Abildlund, Jens"]
[Black "Rasmussen, Casper Dahl"]
[Result "0-1"]
[WhiteElo "2181"]
[BlackElo "2202"]
[EventDate "2024.11.02"]
[EventType "team-tourn"]
[EventRounds "9"]
[EventCountry "DEN"]
[SourceTitle "Casper Dahl Rasmussen"]
[WhiteTeam "Nordre"]
[BlackTeam "Obro"]

1. d4 d5 2. Nf3 Nf6 3. c3 c5 4. e3 Nc6 5. Bd3 Bg4 6. Qb3 c4 7. Bxc4 dxc4 8. Qxc4 Bxf3 9. gxf3 Rc8 10. Qa4 Qd7 11. Nd2 e5 12. Ne4 Be7 13. Bd2 O-O 14. Rd1 Qf5 15. Nxf6+ Bxf6 16. Ke2 Rfe8 17. d5 e4 18. fxe4 Rxe4 19. Qb3 Ne5 20. Rhg1 Qf3+ 21. Kf1 Ng4 22. Rg2 Bh4 0-1

[Event "Skakligaen 2024-25"]
[Site "Denmark"]
[Date "2024.11.17"]
[Round "3.4"]
[White "Skonnord, Uno"]
[Black "Hoiberg, Nina"]
[Result "1/2-1/2"]
[WhiteElo "2162"]
[BlackElo "2091"]
[EventDate "2024.11.02"]
[EventType "team-tourn"]
[EventRounds "9"]
[EventCountry "DEN"]
[SourceTitle "Nina Hoiberg"]
[WhiteTeam "Obro"]
[BlackTeam "Nordre"]

1. e4 e5 2. Nf3 Nc6 3. d4 exd4 4. Nxd4 Bc5 5. Nb3 Bb6 6. Nc3 Qf6 7. Qe2 Nge7 8. h4 Nd4 9. Nxd4 Bxd4 10. Bd2 c6 11. Rh3 d6 12. Bg5 Qxf2+ 13. Qxf2 Bxf2+ 14. Kxf2 Bxh3 15. gxh3 f6 16. Bf4 O-O-O 17. Rd1 Kc7 18. h5 g5 19. Bh2 Rhf8 20. Bd3 b5 21. Ne2 f5 22. exf5 Nxf5 23. Kg1 h6 24. Nc3 Nh4 25. Bg3 Kb6 26. Ne4 d5 27. Bf2+ Kc7 28. Nc5 Rf6 29. Be2 Re8 30. Bg3+ Kd8 31. Bg4 Re3 32. Nb7+ Ke7 33. Bf2 Nf3+ 34. Kg2 Nh4+ 35. Kf1 Re4 36. Kg1 Nf3+ 37. Kg2 Nh4+ 38. Bxh4 gxh4 39. Rd2 Re3 40. Re2 Rfe6 41. Rxe3 Rxe3 42. Kf2 Re4 43. b3 Rd4 44. Ke3 Re4+ 45. Kf2 Rd4 46. Kf3 Kf6 47. Ke3 Re4+ 48. Kf2 Rd4 49. Ke1 Re4+ 50. Kf1 Rf4+ 51. Ke2 Re4+ 52. Kf3 Rd4 1/2-1/2

[Event "Skakligaen 2024-25"]
[Site "Denmark"]
[Date "2024.11.17"]
[Round "3.5"]
[White "Hedevang, Benjamin"]
[Black "Christensen, Stefan"]
[Result "1/2-1/2"]
[WhiteElo "2057"]
[BlackElo "2199"]
[EventDate "2024.11.02"]
[EventType "team-tourn"]
[EventRounds "9"]
[EventCountry "DEN"]
[SourceTitle "Casper Dahl Rasmussen"]
[WhiteTeam "Nordre"]
[BlackTeam "Obro"]

1. e4 e6 2. f4 d5 3. e5 c5 4. Nf3 Nc6 5. c3 Nge7 6. Na3 Nf5 7. Nc2 d4 8. Bd3 Be7 9. Bxf5 exf5 10. O-O O-O 11. d3 dxc3 12. bxc3 Be6 13. Ne3 Qd7 14. Qc2 Rfd8 15. Rd1 Rac8 16. Rb1 b5 17. Qf2 b4 18. c4 a5 19. Bb2 Nd4 20. Kh1 Qa7 21. Nc2 Nxf3 22. Qxf3 Rd7 23. h3 Rcd8 24. Kh2 Qa8 25. Qe2 g6 26. Ne3 Qc6 27. g4 Kf8 28. gxf5 Bxf5 29. Nxf5 gxf5 30. Rd2 Qe4 31. Qh5 Qxf4+ 32. Kh1 Rxd3 33. Rg2 Qf3 34. Qh6+ Ke8 35. Kh2 Bf8 36. Qh4 Rd2 37. Rbg1 Rxg2+ 38. Rxg2 Rd3 39. Bc1 Kd7 40. Rf2 Qd1 41. Qxh7 Be7 42. Qxf5+ Kd8 43. Bg5 Bxg5 44. Qxg5+ Kc8 45. Qg8+ Rd8 46. Qxf7 Qd4 47. e6 1/2-1/2

[Event "Skakligaen 2024-25"]
[Site "Denmark"]
[Date "2024.11.17"]
[Round "3.6"]
[White "Jorgensen, Brian Jorgen"]
[Black "Rewitz, Jan"]
[Result "1-0"]
[WhiteElo "2179"]
[BlackElo "2071"]
[EventDate "2024.11.02"]
[EventType "team-tourn"]
[EventRounds "9"]
[EventCountry "DEN"]
[SourceTitle "Casper Dahl Rasmussen"]
[WhiteTeam "Obro"]
[BlackTeam "Nordre"]

1. c4 Nf6 2. Nc3 g6 3. e4 d6 4. d4 Bg7 5. f3 O-O 6. Nge2 Nc6 7. Be3 a6 8. Qd2 Rb8 9. d5 Na5 10. Nd4 c5 11. Nb3 Bd7 12. Nxa5 Qxa5 13. a4 b5 14. cxb5 axb5 15. Nxb5 Qxd2+ 16. Bxd2 Rb7 17. Bc3 Ra8 18. Ra3 Ne8 19. Kd2 Nc7 20. Nxc7 Rxc7 21. b3 e6 22. Bc4 Rb8 23. Bxg7 Kxg7 24. Kc3 g5 25. dxe6 Bxe6 26. Rd1 Rd8 27. a5 Kf6 28. a6 Ra7 29. Ra5 Ke7 30. g3 Rb8 31. Bb5 Rb6 32. f4 gxf4 33. gxf4 f6 34. Rg1 Kf7 35. f5 Bc8 36. Bc4+ 1-0